Anime by Opening Quiz Stats

Quiz Updated Jun 15, 2017

Challenge
Share
Tweet
Score 0/101 Timer 20:00
4 Plays Today
Time Anime % Correct
0:42 - 0:48Dragon Ball
90%
2:23 - 2:31Pokémon
88.8%
4:41 - 4:47Naruto
86.3%
0:00 - 0:06Astro Boy
85.9%
1:16 - 1:22Sailor Moon
85.5%
3:21 - 3:27One Piece
85.5%
5:10 - 5:17Bleach
84.6%
6:28 - 6:34Death Note
83.7%
4:53 - 5:00Fullmetal Alchemist
83.4%
3:02 - 3:08Digimon: Digital Monsters
83%
1:02 - 1:10Dragon Ball Z
80.6%
3:45 - 3:51InuYasha
77.2%
3:51 - 3:57Yu-Gi-Oh! Duel Monsters
76.7%
9:05 - 9:10Soul Eater
72.4%
1:48 - 1:55Neon Genesis Evangelion
69.7%
6:09 - 6:17Code Geass - Hangyaku no Lelouch
68.9%
2:42 - 2:47Cowboy Bebop
68.4%
9:30 - 9:35Fullmetal Alchemist: Brotherhood
68.3%
7:07 - 7:14Ouran High School Host Club
66.9%
9:41 - 9:47K-ON!
65.4%
5:17 - 5:23Elfen Lied
64.8%
8:31 - 8:36Lucky Star
64.7%
2:01 - 2:05Detective Conan
64.7%
2:52 - 2:57Trigun
64.5%
7:53 - 8:00Clannad
63.1%
0:06- 0:12Speed Racer
62.5%
7:23 - 7:30The Melancholy of Haruhi Suzumiya
60.7%
2:36 - 2:42Cardcaptor Sakura
60.2%
6:51 - 6:56Gintama
57.4%
1:28 - 1:35Yu Yu Hakusho
56.3%
1:10 - 1:16Ranma
56.2%
9:47 - 9:53Durarara!!
55.6%
4:27 - 4:32Chobits
54.4%
1:55 - 2:01Dragon Ball GT
54.3%
Time Anime % Correct
4:32 - 4:36Ghost in the Shell Stand Alone Complex
53.5%
6:41 - 6:46Fate Stay Night
52.8%
2:17 - 2:23Berserk
51%
9:10 - 9:14Spice and Wolf
49.9%
7:36 - 7:43Baccano!
49.9%
6:46 - 6:51Higurashi no Naku Koro ni
44.7%
8:47 - 8:54Clannad After Story
44.6%
8:00 - 8:06Darker than BLACK - Kuro no Keiyakusha
44.2%
1:42 - 1:48Mobile Suit Gundam Wing
43.2%
3:39 - 3:45Hajime no Ippo
42.6%
5:30 - 5:37School Rumble
41.3%
6:17 - 6:23D.Gray-man
40.7%
8:42 - 8:47Tengen Toppa Gurren Lagann
40.7%
4:22 - 4:27Azumanga Daioh
40.4%
5:00 - 5:05Wolf's Rain
39.2%
7:02 - 7:07Nana
39%
0:55 - 1:03Saint Seiya
38.4%
5:37 - 5:43Air
38.2%
4:16 - 4:22Shaman King
38.1%
2:47 - 2:52Serial Experiments Lain
37.7%
9:53 - 9:57K-ON!! 2
36.9%
7:14 - 7:19Demashitaa! Powerpuff Girls Z
36.1%
2:06- 2:12Rurouni Kenshin
35.9%
4:36 - 4:41Mobile Suit Gundam Seed
35.6%
4:04 - 4:10Digimon Tamers
35.6%
5:23 - 5:30Gantz
35.5%
3:16 - 3:21Great Teacher Onizuka
35.3%
6:56 - 7:02Kanon (2006)
35%
5:05 - 5:10Beck
33.3%
9:14 - 9:20Toaru Majutsu no Index
32.5%
5:43 - 5:50Blood+
31.8%
0:37 - 0:42Macross
31.4%
4:10 - 4:16Fruits Basket
31.2%
2:31 - 2:36Revolutionary Girl Utena
31.1%
Time Anime % Correct
8:36 - 8:42Sayonara Zetsubou Sensei
30.9%
6:02 - 6:09Tsubasa Chronicle
30.3%
8:25 - 8:31Lovely Complex
30.1%
8:18 - 8:25Mobile Suit Gundam 00
29.6%
5:50 - 5:55Mahou Sensei Negima!
26%
9:35 - 9:41Higashi no Eden
25.8%
3:08 - 3:16Excel Saga
25.2%
8:54 - 8:59Rosario + Vampire Capu2
24.2%
7:48 - 7:53Junjou Romantica
23.6%
7:30 - 7:36xxxHolic
22.5%
6:34 - 6:41Ergo Proxy
21.2%
4:47 - 4:53Chrno Crusade
21.1%
0:25 - 0:31Candy Candy
20.6%
8:06 - 8:12ef - a tale of memories.
20.6%
0:19 - 0:25Cutey Honey
19.9%
7:43 - 7:48Bokurano
19.5%
0:30 - 0:37Cyborg 009
19.3%
1:35 - 1:42Magic Knight Rayearth
19.1%
6:23 - 6:28Busou Renkin
19%
3:33 - 3:39Gravitation
15.8%
5:55 - 6:02Pani Poni Dash!
13.9%
0:48 - 0:55Maison Ikkoku
13.6%
3:57 - 4:04Angelic Layer
12.5%
1:22 - 1:28Video Girl Ai
11.6%
8:12 - 9:18Ghost Hound
11.4%
9:25 - 9:30xxxHolic Kei
10.9%
2:12 - 2:17Saber Marionette J
10.8%
7:19 - 7:23Strawberry Panic
9.9%
0:12 - 0:19Ribbon no Kishi
9.7%
9:20 - 9:25True Tears
9.3%
8:59 - 9:05Shigofumi
8.4%
2:57 - 3:02Corrector Yui
7.9%
3:27 - 3:33Ayashi no Ceres
7%

You're not logged in!

Compare scores with friends on all Sporcle quizzes.
Sign Up with Email
OR
Log In

You Might Also Like...

Show Comments

Extras

Top Quizzes Today


Score Distribution

Your Account Isn't Verified!

In order to create a playlist on Sporcle, you need to verify the email address you used during registration. Go to your Sporcle Settings to finish the process.

Report this User

Report this user for behavior that violates our Community Guidelines.

Details: